Διαπολιτισμική διδακτική : το νέο περιβάλλον - βασικές αρχές

Αποθηκεύτηκε σε:
Λεπτομέρειες βιβλιογραφικής εγγραφής
Κύριος συγγραφέας: Νικολάου, Γιώργος
Άλλοι συγγραφείς: Κεχαγιόγλου, Ελένη (Επιμελητής έκδοσης)
Μορφή: Βιβλίο
Γλώσσα:Greek
Δημοσίευση: Αθήνα : Ελληνικά Γράμματα, 2005
Έκδοση:2η έκδ.
Θέματα:
Ετικέτες: Προσθήκη ετικέτας
Δεν υπάρχουν, Καταχωρήστε ετικέτα πρώτοι!

MARC

LEADER 00000nam a2200000 i 4500
001 1/52819
008 070828s2005 gre d
020 |a 960-406-994-2 
035 |l 10090108 
040 |a GR-MY-UA  |b gre  |e aacr 
041 0 |a gre 
082 0 |a 370.117  |2 (22) 
100 1 |a Νικολάου, Γιώργος. 
245 1 0 |a Διαπολιτισμική διδακτική :  |b το νέο περιβάλλον - βασικές αρχές /  |c Γιώργος Νικολάου ; [επιμέλεια: Ελένη Κεχαγιόγλου] 
250 |a 2η έκδ. 
260 |a Αθήνα :   |b Ελληνικά Γράμματα,   |c 2005 
300 |a 422 σ.;  |b πιν., διαγρ.;  |c 20 εκ. 
504 |a Βιβλιογραφία: σ. [357]-410. Ευρετήριο 
650 0 0 |a Multicultural education. 
650 0 0 |a Multicultural education  |z Greece. 
700 1 |a Κεχαγιόγλου, Ελένη.  |4 edt 
852 |a INST  |b RHODES  |e 20070828  |h 370.117 ΝΙΚ  |p 005400026045  |q 005400026045  |t BK  |y 0 
901 |a BIBL4-2007-2 
909 |a Ρ  |b 136322 
922 |a 4ΕΛΗ  |b 200707  |c ΕΠΕΑΕΚ2/ΠΤΔΕ  |d Σ. ΠΑΤΑΚΗΣ 
970 |a ΧΑΡΙΟΠΟΛΙΤΟΥ  |b ΚΩΝΣΤΑΝΤΙΝΑ  |z 2007/08/28